Datum a čas kvízu
26
Celkem bodů
Celkový počet nahraných bodů na tomto kvízu bez doplňovacích otázek.
11.
Pořadí na kvízu
Konečné umístění týmu na tomto kvízu.
Zaznamenané odpovědi
| # | Otázka | Odpověď | Body | Výsledky |
|---|---|---|---|---|
| 1. | Ve středu do toho „praštil“ da... | Lucie Šafářová, Tomáš Plekanec | 0.5 | |
| 2. | V neděli se konaly volby do ně... | Armin Laschet | 0 | |
| 3. | Elon Musk plní stránky novin i... | Grimes | 0 | |
| 4. | Čínská centrální banka v pátek... | kryptoměnové transakce | 1 | |
| 5. | Český hokej dosáhl diplomatick... | Petr Bříza | 0 | |
| 6. | V pátém díle našeho cestovatel... | Brdská vrchovina (Brdy) | 1 | |
| 7. | Jedním z nejnavštěvovanějších... | V gotickém slohu. | 1 | |
| 8. | V tomto kraji najdeme i výběh... | V Berouně. | 0 | |
| 9. | Středočeský kraj je spojen ta... | Bobeš | 1 | |
| 10. | V tomto kraji najdeme také spo... | V Mnichově Hradišti. | 0 |